| 000 | 00368nam a22001457a 4500 | ||
|---|---|---|---|
| 008 | 250704b |||||||| |||| 00| 0 eng d | ||
| 020 | _a0815786824 | ||
| 050 |
_aHD627 _b.S53 |
||
| 100 | _aMEGGINSON C. Leon Emeritus | ||
| 245 | _aSmall Business Management | ||
| 250 | _a4 | ||
| 260 |
_aAmerica _bMcGraw-Hill Higher Education _c2003 |
||
| 300 | _ax, 518p. | ||
| 942 | _cBK | ||
| 999 |
_c4124 _d4124 |
||